000 00292nam a22001337a 4500
008 170714b xxu||||| |||| 00| 0 eng d
020 _a9780752300368
041 _aeng
080 _a038
100 _a24
101 _aFJA
245 _aDICTIONARY OF SCIENTISTS
_cLAROUSSE
942 _2udc
_cBK
999 _c20903
_d20903